ドラゴンクエスト いてつくはどうを使用するボス - Statistics

General Stats
  • This quiz has been taken 78 times
    18 since last reset
  • The average score is 19 of 65
Answer Stats
登場作品 Answer % Correct
DQ1(HD-2D) りゅうおう
94%
DQ3 ゾーマ
82%
DQ4 デスピサロ(第4、7形態)
76%
DQ4 エスターク
65%
DQ5 エスターク
65%
DQ8(3DS) エスターク
65%
DQ4(PS) エッグラ
59%
DQ5 ミルドラース(第1、2形態)
59%
DQ3(SFC) しんりゅう
53%
DQ7 オルゴ・デミーラ(過去)(第1、2形態)
53%
DQ6 デスタムーア(第1、3形態、みぎて)
53%
DQ4(PS) エビルプリースト(第1、3、4形態)
53%
DQ7 オルゴ・デミーラ(現代)(第2、3、4形態)
53%
DQ3(GBC) グランドラゴーン
47%
DQ8 暗黒神ラプソーン(第1形態)
47%
DQ8 暗黒神ラプソーン(第2形態)
47%
DQ6 ダークドレアム
41%
DQ8 竜神王(人間形態)
35%
DQ8 ドルマゲス(第1形態)
35%
DQ8 ドルマゲス(第2形態)
35%
DQ5 イブール
29%
DQ7 神さま
29%
DQ7 みずのせいれい
29%
DQ8 白銀の巨竜
29%
DQ8 永遠の巨竜
29%
DQ11S ホメロス(暴走)
29%
DQ8(3DS) 追憶のドルマゲス(第1形態)
29%
DQ8(3DS) 追憶のドルマゲス(第2形態)
29%
DQ6 デュラン
24%
DQ8 キャプテン・クロウ
24%
DQ8 レティス
24%
DQ8 マルチェロ
24%
DQ8 聖なる巨竜
18%
DQ8(3DS) 追憶のクロウ
18%
DQ9 ハヌマーン
18%
DQ9 グレイナル
18%
DQ11 邪神ニズゼルファ
18%
DQ11 ゾーマズレディ
18%
DQ11 ピサロバーン
18%
DQ11 モンス・デミーラ
18%
DQ11 ネルゲルデーモン
18%
DQ11 時の破壊者
18%
DQ11S 失われし時の怨念
18%
DQ11S 失われし時の災厄
18%
DQ9 堕天使エルギオス(第1形態)
18%
DQ8(3DS) ジャハガロス(第2形態)
18%
DQ9 堕天使エルギオス(第2形態)
18%
DQ2(HD-2D) りゅうおうのひ孫
12%
DQ2(HD-2D) 竜王のひ孫
12%
DQ8(3DS) 追憶のマルチェロ
12%
DQ9 スライムジェネラル
12%
DQ9 邪眼皇帝アウルート
12%
DQ11 魔軍司令ホメロス
12%
DQ11 邪竜ウルナーガ
12%
DQ11 魔王ウルノーガ(変身後)
12%
DQ11 魔道士ウルノーガ
12%
DQ9 いにしえの魔神
6%
DQ9 名をうばわれし王
6%
DQ9 フォロボシータ
6%
DQ9 ブラッドナイト
6%
DQ9 魔剣神レパルド
6%
DQ9 破壊神フォロボス
6%
DQ11 無明の魔神
6%
DQ9 暗黒皇帝ガナサダイ(第1形態)
6%
DQ9 暗黒皇帝ガナサダイ(第2形態)
6%
No matching quizzes found
Score Distribution
Percent of People with Each Score
Percentile by Number Answered
Your Score History
You have not taken this quiz since the last reset